Japan, a case of catching-up
Gespeichert in:
| 1. Verfasser: | |
|---|---|
| Format: | Buch |
| Sprache: | Undetermined |
| Veröffentlicht: |
Budapest
Akadémiai Kiadó
1984
|
| Schlagworte: | |
| Tags: |
Tag hinzufügen
Keine Tags, Fügen Sie den ersten Tag hinzu!
|
| Thư viện lưu trữ: | Trung tâm Học liệu Trường Đại học Cần Thơ |
|---|
| LEADER | 00525nam a2200169Ia 4500 | ||
|---|---|---|---|
| 001 | CTU_84677 | ||
| 008 | 210402s9999 xx 000 0 und d | ||
| 082 | |a 338.0952 | ||
| 082 | |b E33 | ||
| 100 | |a Éva Ehrlich | ||
| 245 | 0 | |a Japan, a case of catching-up | |
| 245 | 0 | |c Éva Ehrlich; translated by György Hajdú; translation revised by George F. Ray, Anna Cowen | |
| 260 | |a Budapest | ||
| 260 | |b Akadémiai Kiadó | ||
| 260 | |c 1984 | ||
| 650 | |a industries | ||
| 980 | |a Trung tâm Học liệu Trường Đại học Cần Thơ | ||